Obálka Náhled e-knihy:
Epub
Pro půjčování e-knih musíte být přihlášeni.
Jak si půjčit online?

Odvážná /

Román z young adult fantasy série vypráví příběh fanoušky oblíbené Adeny.

Uloženo v:
Série:Bezmocná, část 1.1
Hlavní autor: Roberts, Lauren, 2002- (Autor)
Další autoři: Jirčíková, Kateřina (Autor)
Médium: E-kniha
Jazyk:Czech
Vydáno: Praha : Euromedia Group, 2025
Vydání:Vydání první
Edice:Yoli
Témata:
Příbuzné jednotky:Z cyklu:: Bezmocná
Tagy:
Žádné tagy
LEADER 02508nam a2200565 i 4500
001 301499
003 CZ PrSKC
005 20260430063208.0
007 ta
008 250509s2025 xr d 000 f cze
015 |a cnb003673453 
020 |a 9788028404338  |q (brožováno) 
035 |a (OCoLC)1527576762 
040 |a ABG001  |b cze  |d BOA001  |e rda 
041 1 |a cze  |h eng 
072 7 |a 821.111(73)-3  |x Americká próza  |2 Konspekt 
072 7 |a 821-93  |x Literatura pro děti a mládež (beletrie)  |2 Konspekt 
080 |a 821.111(73)-31  |2 MRF 
080 |a 821-93-053.67  |2 MRF 
080 |a 821-93  |2 MRF 
080 |a (0:82-312.9)  |2 MRF 
100 1 |a Roberts, Lauren,  |d 2002-  |7 xx0313080  |4 aut 
240 1 0 |a Powerful.  |l Česky 
245 1 0 |a Odvážná /  |c Lauren Roberts ; přeložila Kateřina Jirčíková 
250 |a Vydání první 
264 1 |a Praha :  |b Euromedia Group,  |c 2025 
300 |a 230 stran ;  |c 20 cm 
336 |a text  |b txt  |2 rdacontent 
337 |a bez média  |b n  |2 rdamedia 
338 |a svazek  |b nc  |2 rdacarrier 
490 1 |a Yoli 
500 |a Přeloženo z angličtiny 
520 2 |a Román z young adult fantasy série vypráví příběh fanoušky oblíbené Adeny.  |b Mírnou Adenu a bojovnou Paedyn svedl osud dohromady už v dětství a od té doby jsou nerozlučné. Teď ale Paedyn - která patří k Obyčejným -, vybrali do Očistných zkoušek, což pro ni znamená téměř jistou smrt. Adena zůstala v Kořistné sama a musí se naučit bránit. Nakladatelská anotace. Kráceno. 
521 8 |a Pro čtenáře od 15 let 
655 7 |a americké romány  |7 fd131796  |2 czenas 
655 7 |a fantasy romány  |7 fd184199  |2 czenas 
655 7 |a literatura young adult  |7 fd1185572  |2 czenas 
655 7 |a publikace pro mládež  |7 fd133157  |2 czenas 
655 9 |a American fiction  |2 eczenas 
655 9 |a fantasy novels  |2 eczenas 
655 9 |a young adult literature  |2 eczenas 
655 9 |a juvenile literature  |2 eczenas 
700 1 |a Jirčíková, Kateřina  |7 xx0041143  |4 trl 
787 0 8 |i Z cyklu:  |t Bezmocná  |g 1.1 
830 0 |a Yoli 
900 |a ABA001  |b 20 
044 |a xr 
910 |a RBIT002 
998 |d 418294  |a https://core.palmknihy.cz/api/books/418294/cover?sudygq  |b https://core.palmknihy.cz/api/books/418294/cover/400?sudygq  |c https://core.palmknihy.cz/api/books/418294/cover/50?sudygq  |e 2029-12-09  |g 232  |i 9788028404338  |j https://core.palmknihy.cz/api/books/418294/preview.epub  |l   |q 49  |r 1  |s https://www.palmknihy.cz/kniha/418294  |t ebook  |y 2025  |z 0  |v Bezmocná  |w 1 
999 |d 301497